Regenerating Agriculture:policies and practice for sustainability and self-reliance (Record no. 6824)

MARC details
000 -LEADER
fixed length control field 00596nam a22002057a 4500
003 - CONTROL NUMBER IDENTIFIER
control field OSt
005 - DATE AND TIME OF LATEST TRANSACTION
control field 20210319113519.0
008 - FIXED-LENGTH DATA ELEMENTS--GENERAL INFORMATION
fixed length control field 210319b ||||| |||| 00| 0 eng d
020 ## - INTERNATIONAL STANDARD BOOK NUMBER
International Standard Book Number 1853831980
040 ## - CATALOGING SOURCE
Transcribing agency DDC
082 ## - DEWEY DECIMAL CLASSIFICATION NUMBER
Classification number 630 PRE 1995
100 ## - MAIN ENTRY--PERSONAL NAME
Personal name Pretty, Jules N.
9 (RLIN) 13982
245 ## - TITLE STATEMENT
Title Regenerating Agriculture:policies and practice for sustainability and self-reliance
260 ## - PUBLICATION, DISTRIBUTION, ETC. (IMPRINT)
Place of publication, distribution, etc. London; Earthscan, 1995
300 ## - PHYSICAL DESCRIPTION
Extent viii,320p; ill:23cm
504 ## - BIBLIOGRAPHY, ETC. NOTE
Bibliography, etc References, & Index included
650 ## - SUBJECT ADDED ENTRY--TOPICAL TERM
Topical term or geographic name as entry element Agriculture
9 (RLIN) 4591
650 ## - SUBJECT ADDED ENTRY--TOPICAL TERM
Topical term or geographic name as entry element Policies in agriculture
9 (RLIN) 13983
942 ## - ADDED ENTRY ELEMENTS (KOHA)
Source of classification or shelving scheme Other/Generic Classification Scheme
Koha item type Open Shelf
Holdings
Withdrawn status Lost status Source of classification or shelving scheme Damaged status Not for loan Home library Current library Date acquired Source of acquisition Inventory number Total Checkouts Full call number Barcode Date last seen Koha item type
    Dewey Decimal Classification     MUST Main Library MUST Main Library 19/03/2021 Purchase 03/17967   630 PRE 1995 2021-0280 19/03/2021 Open Shelf
    Dewey Decimal Classification     MUST Main Library MUST Main Library 19/03/2021 Purchase 03/17968   630 PRE 1995 2021-0281 19/03/2021 Open Shelf